000 00586nam a22002177a 4500
003 KOHA_MİRAKIL
005 20260324102738.0
008 260324b tu ||||| |||| 00| 0 tur d
020 _a9786257420204
040 _aTR-AnABB
_btur
_cTR-AnABB
041 _atur
082 _a813.42
_bSIN 2021
100 1 _aSinan, Nevzat
245 1 0 _aElvide /
_cNevzat Sinan
260 _aAnkara :
_bFavori Yayınları,
_c2021
300 _a165 sayfa ;
_c20 cm
500 _aYazardan imzalı
650 0 4 _aTürk edebiyatı, roman
900 _bCan ÇELIK
942 _2ddc
_cBK
999 _c9996
_d9996